000 00892nam a22001937a 4500
999 _c57654
_d57654
003 Ge_BSU
005 20200825143750.0
008 200825sge xxu||||| |||| 00| 0 geo d
020 _a9789941951282
041 _ageo
080 _a347.152+005 მ-16
100 _aმაისურაძე, ნათელა.
_99334
245 _aსამართლებრივი მართვისა და რეგულირების მეთოდები /
_cნათელა მაისურაძე ; [რეცენზ. : გივი ლობჟანიძე,მიხეილ მამნიაშვილი].
264 _aთბ. :
_bიურისტების სამყარო,
_c2017.
300 _a180 გვ. :
_b20 სმ.
500 _aპარალ. სათ. რუს. ენ.
653 _aსამართალი
942 _2udc
_cBK